1989 happenings - Statistics

General Stats
  • This quiz has been taken 59 times
  • The average score is 6 of 20
Answer Stats
Hint Answer % Correct
This infamous wall is knocked down Berlin Wall
96%
This man becomes president of the USA George H. W. Bush
92%
This American animated TV series begins broadcast The Simpsons
50%
China cracks down on protests in this city square Tiananmen Square
50%
Disney releases this film based on a Hans Christian-Anderson story The Little Mermaid
46%
This British sci-fi TV series comes to an end Doctor Who
40%
This ship causes a huge oil spill in Alaskan waters Exxon Valdez
38%
This revolution took place in Czechoslovakia Velvet Revolution
36%
Margaret Thatcher introduces this new tax Poll Tax
28%
This claymation duo was first broadcast in the UK Wallace & Gromit
22%
The USA invades this country Panama
20%
This leader's body is pulled from his coffin during the hysteria at his funeral Ayatollah Khomeini
18%
This religious figure is awarded the Nobel Peace Prise Dalai Lama
16%
On Christmas day, these two communist dictators are executed Nicolae & Elena Ceaușescu
16%
These two US states celebrate their 100th birthdays North & South Dakota
14%
This country dismantles its nuclear weapons South Africa
12%
This games console is released Gameboy
6%
Denmark becomes the first country to legalise this Civil Union
4%
This 'human crush' tragedy strikes a Sheffield football stadium Hilsborough Disaster
4%
This country wins the Eurovision Song Contest Yugoslavia
4%
No matching quizzes found
Score Distribution
Percent of People with Each Score
Percentile by Number Answered
Your Score History
You have not taken this quiz